Digital techniques from problem to circuit / (Record no. 40198)

MARC details
000 -LEADER
fixed length control field 00800nam a2200217 a 4500
008 - FIXED-LENGTH DATA ELEMENTS--GENERAL INFORMATION
fixed length control field 060316s1989 ||||||||||||||||| || u
020 ## - INTERNATIONAL STANDARD BOOK NUMBER
International Standard Book Number 071313657X
020 ## - INTERNATIONAL STANDARD BOOK NUMBER
International Standard Book Number 0340490993
050 ## - LIBRARY OF CONGRESS CALL NUMBER
Classification number TK7868.D5
100 ## - MAIN ENTRY--PERSONAL NAME
Personal name Vink, H. A
245 10 - TITLE STATEMENT
Title Digital techniques from problem to circuit /
260 ## - PUBLICATION, DISTRIBUTION, ETC.
Place of publication, distribution, etc. London ;New York : ;New York, NY :
Name of publisher, distributor, etc. E. Arnold Distributed in the USA by Routledge, Chapman, and Hall
Date of publication, distribution, etc. 1989.
300 ## - PHYSICAL DESCRIPTION
Extent 438 p. : ill. ; 25 cm.
350 ## - PRICE (NR) (BK AM CF MU VM SE) [OBSOLETE]
Price 0.00
500 ## - GENERAL NOTE
General note Includes bibliographical references and index.
650 ## - SUBJECT ADDED ENTRY--TOPICAL TERM
Topical term or geographic name entry element BIBLIOGRAPHY
650 #0 - SUBJECT ADDED ENTRY--TOPICAL TERM
Topical term or geographic name entry element DIGITAL ELECTRONICS
700 ## - ADDED ENTRY--PERSONAL NAME
Personal name Thijssen, A. P
700 ## - ADDED ENTRY--PERSONAL NAME
Personal name Eversdijk, C. H
995 ## - RECOMMENDATION 995 [LOCAL, UNIMARC FRANCE]
-- 0.00
-- CBU-MAIN LIBRARY (Kitwe)
-- 1
-- 0.00
-- AVAILABLE
-- Jan 17, 2008
-- School Collections
Holdings
Withdrawn status Lost status Source of classification or shelving scheme Damaged status Not for loan Home library Current library Shelving location Date acquired Total Checkouts Full call number Barcode Date last seen Price effective from Koha item type
          CBU-MAIN LIBRARY, KITWE. CBU-MAIN LIBRARY, KITWE.   11/30/2022   TK7868.D5 000021 11/30/2022 11/30/2022 MONOGRAPH